000 01399pam a22003617a 4500
001 14976796
005 20070920082321.0
008 070823s2010 maua |r 001 0 eng d
010 _a 2007279548
015 _aGBA708926
_2bnb
016 7 _a013656406
_2Uk
020 _a0123748836
020 _a9780123748836
035 _a(OCoLC)ocn132278111
040 _aUKM
_cUKM
_dBAKER
_dYDXCP
_dDLC
042 _alccopycat
050 0 0 _aTA345
_b.V34 2007
082 0 4 _a620.002855369
_222
_bHAH
100 1 _aHahn, Brian D.
_d1946-
_923496
245 1 0 _aEssential MATLAB for Engineers and Scientists /
_cBrian D. Hahn and Daniel T. Valentine.
250 _a4th ed.
260 _aBurlington, MA :
_bAcademic Press/ Elsevier, 2010
_c2010
300 _axviii, 391 p. :
_bill. ;
_c25 cm.
500 _aIncludes index.
630 0 0 _aMATLAB (Computer file)
_923498
650 0 _aEngineering mathematics
_xData processing.
_923499
653 _bGen
_cMay2011
700 1 _aValentine, Daniel T.
_923497
856 4 2 _3Publisher description
_uhttp://www.loc.gov/catdir/enhancements/fy0742/2007279548-d.html
942 _2ddc
_cBB
999 _c15272
_d15272